New Libraries in Old Buildings : Creative Reuse.

The International Federation of Library Associations and Institutions (IFLA) is the leading international body representing the interests of library and information services and their users. It is the global voice of the information profession. The series IFLA Publications deals with many of the m...

Full description

Bibliographic Details
Main Author: Hauke, Petra.
Other Authors: Latimer, Karen., Niess, Robert.
Format: eBook
Language:English
Published: Berlin/Boston : Walter de Gruyter GmbH, 2021.
Edition:1st ed.
Series:IFLA Publications
Subjects:
Online Access:Click to View
LEADER 02038nam a22003973i 4500
001 EBC7014940
003 MiAaPQ
005 20231204023225.0
006 m o d |
007 cr cnu||||||||
008 231204s2021 xx o ||||0 eng d
020 |a 9783110679663  |q (electronic bk.) 
035 |a (MiAaPQ)EBC7014940 
035 |a (Au-PeEL)EBL7014940 
035 |a (OCoLC)1330933357 
040 |a MiAaPQ  |b eng  |e rda  |e pn  |c MiAaPQ  |d MiAaPQ 
100 1 |a Hauke, Petra. 
245 1 0 |a New Libraries in Old Buildings :  |b Creative Reuse. 
250 |a 1st ed. 
264 1 |a Berlin/Boston :  |b Walter de Gruyter GmbH,  |c 2021. 
264 4 |c Ã2021. 
300 |a 1 online resource (390 pages) 
336 |a text  |b txt  |2 rdacontent 
337 |a computer  |b c  |2 rdamedia 
338 |a online resource  |b cr  |2 rdacarrier 
490 1 |a IFLA Publications ;  |v v.180 
520 |a The International Federation of Library Associations and Institutions (IFLA) is the leading international body representing the interests of library and information services and their users. It is the global voice of the information profession. The series IFLA Publications deals with many of the means through which libraries, information centres, and information professionals worldwide can formulate their goals, exert their influence as a group, protect their interests, and find solutions to global problems. 
588 |a Description based on publisher supplied metadata and other sources. 
590 |a Electronic reproduction. Ann Arbor, Michigan : ProQuest Ebook Central, 2023. Available via World Wide Web. Access may be limited to ProQuest Ebook Central affiliated libraries.  
655 4 |a Electronic books. 
700 1 |a Latimer, Karen. 
700 1 |a Niess, Robert. 
776 0 8 |i Print version:  |a Hauke, Petra  |t New Libraries in Old Buildings  |d Berlin/Boston : Walter de Gruyter GmbH,c2021 
797 2 |a ProQuest (Firm) 
830 0 |a IFLA Publications 
856 4 0 |u https://ebookcentral.proquest.com/lib/matrademy/detail.action?docID=7014940  |z Click to View